Представление документа в формате RUSMARC

ПолеНазваниеЗначение
  Тип записи a
  Библиографический уровень m
001 Контрольный номер 9b18a0cd173f4460b7684b0b76c31c47
005 Дата корректировки 20140625141047.6
010 Индекс ISBN __
a ISBN 5-80441-0142- 0
200 Заглавие и сведения об ответственности 1_
a Заглавие Экспортные операции
e Сведения, относящиеся к заглавию Сырьевые ресурсы.Пром.оборудование.Прод.товары.Работы и услуги
f Первые сведения об ответственности Григорьев Ю.А.
210 Выходные данные 1_
a Место издания М.
c Издательство Кн.мир
d Дата издания 2003
215 Физическое описание __
a Объем 224 с.
610 Ключевые слова 0_
a Ключевые слова бухгалтерский учет
610 Ключевые слова 0_
a Ключевые слова бухгалтерский учет в торговле
610 Ключевые слова 0_
a Ключевые слова бухгалтерский учет во внешней торговле
610 Ключевые слова 0_
a Ключевые слова экспорт
610 Ключевые слова 0_
a Ключевые слова учет бартерных операций
610 Ключевые слова 0_
a Ключевые слова реэкпортные операции
610 Ключевые слова 0_
a Ключевые слова бартер
610 Ключевые слова 0_
a Ключевые слова загранкомандировки
686 Индексы других классификаций __
a Классификационный индекс 65.052.9(2)243
2 Код системы rubbk
686 Индексы других классификаций __
a Классификационный индекс 65.9(2)826
2 Код системы rubbk
700 Автор _1
a Фамилия Григорьев Ю.А.
801 Источник записи _0
a Страна RU
b Организация РУК
c Дата составления 20030908
g Правила каталогизации PSBO
801 Источник записи _1
a Страна RU
b Организация РУК
c Дата составления 20030908
g Правила каталогизации PSBO
852 Данные о местонахождении __
i Авторский знак Г83
j Шифр хранения ББК 65.052
901 Тип документа __
t Тип документа m
938 Служебная информация __
a Название организации Головной вуз
b Имя БД BOOK
c Название АИБС АИБС ИРБИС